000 00612cam a22002173a 4500
001 39702
003 PGUSA
005 20140828083901.0
008 120515s2012||||xxu|||||s|||||000 | eng d
040 _aPGUSA
_beng
042 _adc
100 1 _aComte, Auguste,
_d1798-1857
245 1 4 _aThe philosophy of mathematics
_h[electronic resource] /
_cAuguste Comte
260 _bProject Gutenberg,
_c2012
506 _aPublic domain in the USA.
516 _aElectronic text
700 1 _aGillespie, W. M.
830 0 _aProject Gutenberg
_v39702
856 4 0 _uhttp://www.gutenberg.org/ebooks/39702
942 _cEB
999 _c268955
_d268955